[Event "19th Raciborz Open 2019"]
[Site "Raciborz"]
[Date "2019.02.12"]
[Round "6.9"]
[White "Strzelecki, Maciej"]
[Black "Posluszny, Tomasz"]
[Result "1/2-1/2"]
[WhiteElo "2119"]
[BlackElo "1843"]
[Annotator "NA"]
[PlyCount "73"]
[EventDate "2019.02.09"]
[EventType "swiss"]
[EventCountry "POL"]
[SourceTitle "playchess.com"]
[Source "ChessBase"]
[SourceQuality "1"]
[TimeControl "5400+30"]

1. e4 {[%emt 0:00:00]} c5 {[%emt 0:00:00]} 2. Nf3 {[%emt 0:00:00]} e6 {[%emt 0:00:00]} 3. d4 {[%emt 0:00:08]} cxd4 {[%emt 0:00:00]} 4. Nxd4 {[%emt 0:00:09]} Nc6 {[%emt 0:00:05]} 5. Nc3 {[%emt 0:00:16]} Qc7 {[%emt 0:00:15]} 6. f4 {[%emt 0:01:20]} a6 {[%emt 0:05:43]} 7. Nxc6 {[%emt 0:00:59]} Qxc6 {[%emt 0:01:44]} 8. Bd3 {[%emt 0:00:48]} Nf6 {[%emt 0:09:19] B47: Sicilian: Taimanov: 5 Nc3 Qc7 6 f4, 6 g3 and 6 Be2} (8... b5 9. Qe2 Bb7 10. Bd2 Bc5 11. O-O-O Ne7 12. a3 O-O 13. Qh5 f6 14. Rhf1 Rf7 15. g4 b4 16. axb4 Bxb4 17. e5 f5 18. Rg1 Rc8 {0-1 (53) Saric,I (2669)-Harikrishna,P (2744) Riadh 2017}) 9. Qe2 {[%emt 0:05:55]} d6 {[%emt 0:06:19]} 10. Bd2 {[%emt 0:11:17]} Be7 {[%emt 0:05:02]} 11. O-O-O {[%emt 0:07:54] LiveBook: 6 Games} O-O {[%emt 0:14:31]} 12. g4 $146 {[%emt 0:07:50]} ({Predecessor:} 12. e5 Nd7 13. exd6 Bxd6 14. Ne4 Be7 15. Bc3 Qc7 16. Rdf1 {1-0 (31) Gumularz,S (2256)-Martynkova,O (2124) Marianske Lazne 2015}) 12... Re8 {[%emt 0:00:51]} 13. g5 {[%emt 0:02:41]} Nd7 {[%emt 0:00:18]} 14. h4 {[%emt 0:03:21]} b5 {[%emt 0:08:21] [#]} 15. Rdg1 {[%emt 0:14:40]} (15. f5 $1 $16) 15... Bb7 {[%emt 0:01:18]} ({Black should try} 15... Nc5 $1 $11) 16. h5 {[%emt 0:04:00]} Nc5 $16 {[%emt 0:04:07]} (16... b4 $11 {keeps the balance.} 17. Nd1 Nc5) 17. g6 {[%emt 0:04:45]} Nxd3+ {[%emt 0:09:09]} 18. Qxd3 {[%emt 0:02:20]} b4 {[%emt 0:08:00]} 19. gxf7+ {[%emt 0:10:00]} Kxf7 {[%emt 0:00:10]} 20. f5 {[%emt 0:05:16]} bxc3 {[%emt 0:08:30]} 21. fxe6+ {[%emt 0:00:52]} Kf8 {[%emt 0:03:10]} 22. Bxc3 {[%emt 0:03:22]} Bf6 {[%emt 0:00:05]} 23. Bxf6 {[%emt 0:07:02]} gxf6 {[%emt 0:00:07]} 24. Qg3 {[%emt 0:01:48]} Ke7 {[%emt 0:00:47]} 25. Qg7+ {[%emt 0:00:19]} Kd8 {[%emt 0:00:12]} 26. Qxf6+ {[%emt 0:00:32]} Kc8 {[%emt 0:00:20]} 27. Rg7 {[%emt 0:02:43]} Kb8 {[%emt 0:09:51]} 28. Rh3 {[%emt 0:01:51]} Qxe4 {[%emt 0:01:02]} 29. Rxb7+ {[%emt 0:00:41]} Kxb7 {[%emt 0:04:42]} 30. Rb3+ {[%emt 0:00:23]} Kc6 {[%emt 0:00:12]} 31. Rc3+ {[%emt 0:00:19]} Kd5 {[%emt 0:00:41]} 32. Rd3+ {[%emt 0:00:08]} Kc6 {[%emt 0:00:33]} 33. Rc3+ {[%emt 0:00:05]} Kd5 {[%emt 0:00:26]} 34. Rd3+ {[%emt 0:00:09]} Kc6 {[%emt 0:00:32]} 35. Qc3+ Kb7 36. Qb3+ Ka7 37. Rxd6 1/2-1/2

[Event "19th Raciborz Open 2019"]
[Site "Raciborz"]
[Date "2019.02.12"]
[Round "6.10"]
[White "Drozniak, Stanislaw"]
[Black "Cieslak, Wiktoria"]
[Result "1-0"]
[WhiteElo "2048"]
[BlackElo "2037"]
[Annotator "NA"]
[PlyCount "57"]
[EventDate "2019.02.09"]
[EventType "swiss"]
[EventCountry "POL"]
[SourceTitle "playchess.com"]
[Source "ChessBase"]
[SourceQuality "1"]
[TimeControl "5400+30"]

1. e4 {[%emt 0:00:00]} c5 {[%emt 0:00:00]} 2. Nf3 {[%emt 0:00:00]} d6 {[%emt 0:00:00]} 3. d4 {[%emt 0:00:21]} cxd4 {[%emt 0:00:00]} 4. Nxd4 {[%emt 0:00:05]} Nf6 {[%emt 0:00:00]} 5. Nc3 {[%emt 0:00:08]} a6 {[%emt 0:00:00]} 6. Bg5 {[%emt 0:00:55]} Nbd7 {[%emt 0:02:25]} 7. Qe2 {[%emt 0:04:51]} Qc7 {[%emt 0:01:09]} 8. O-O-O {[%emt 0:08:36]} b5 {[%emt 0:01:12] [#]} 9. a3 {[%emt 0:10:20]} (9. Bxf6 $1 $16 Nxf6 10. Nd5 Nxd5 11. exd5) 9... Bb7 {[%emt 0:00:53]} 10. f4 {[%emt 0:01:29]} Rc8 {[%emt 0:06:00]} 11. Bxf6 {[%emt 0:01:57]} gxf6 {[%emt 0:02:05]} 12. g3 {[%emt 0:09:40]} Nb6 {[%emt 0:01:48]} 13. Bh3 {[%emt 0:05:10]} e6 {[%emt 0:13:02]} 14. Kb1 {[%emt 0:05:58]} Nc4 {[%emt 0:09:09] [#]} 15. Nd5 $1 {[%emt 0:04:06]} exd5 {[%emt 0:05:14]} 16. exd5+ {[%emt 0:04:54]} ({Not} 16. Bxc8 Qxc8 17. exd5+ Kd8 $16) 16... Be7 {[%emt 0:06:27]} 17. Rhe1 {[%emt 0:01:15]} ({Less strong is} 17. Bxc8 Bxc8 18. Rde1 Kf8 $16) 17... Rd8 $18 {[%emt 0:05:37]} (17... Ne5 $142 18. Bxc8 Bxc8) 18. Qh5 {[%emt 0:12:19]} Ne5 {[%emt 0:13:28]} 19. fxe5 {[%emt 0:06:25]} dxe5 {[%emt 0:00:33]} 20. Ne6 {[%emt 0:00:46]} Qc4 {[%emt 0:00:42]} 21. Nxd8 {[%emt 0:04:04]} Bxd8 {[%emt 0:00:51]} 22. Rxe5+ {[%emt 0:00:35]} Be7 {[%emt 0:02:57]} 23. d6 {[%emt 0:00:42]} fxe5 {[%emt 0:00:19]} 24. Qxe5 {[%emt 0:00:06]} O-O {[%emt 0:00:34]} 25. dxe7 {[%emt 0:00:24]} Re8 {[%emt 0:00:14]} 26. Qg5+ {[%emt 0:00:17]} Kh8 {[%emt 0:00:09]} 27. Qf6+ {[%emt 0:00:15]} Kg8 {[%emt 0:00:08]} 28. Rd4 {[%emt 0:00:37]} Rxe7 {[%emt 0:04:43]} 29. Rd8+ {[%emt 0:00:08]} 1-0

[Event "19th Raciborz Open 2019"]
[Site "Raciborz"]
[Date "2019.02.13"]
[Round "7.1"]
[White "Tomczak, Mikolaj"]
[Black "Mirzoev, Emil"]
[Result "1-0"]
[WhiteElo "2423"]
[BlackElo "2511"]
[Annotator "TA"]
[PlyCount "95"]
[EventDate "2019.02.09"]
[EventType "swiss"]
[EventCountry "POL"]
[SourceTitle "playchess.com"]
[Source "ChessBase"]
[SourceQuality "1"]

{[%evp 17,95,16,39,22,26,5,49,30,63,29,48,48,62,43,72,66,64,32,243,230,219,220,229,202,191,208,213,221,305,310,295,277,545,275,277,272,242,231,231,224,208,178,160,161,177,189,349,311,423,397,397,406,392,337,295,191,217,235,220,220,217,238,241,233,721,721,721,718,710,693,1674,1327,1304,1304,1304,1272,1078,1077,837,823]} 1. e4 Nf6 2. e5 Nd5 3. d4 d6 4. Nf3 Bg4 5. Be2 {[%cal Bf1e2,Be2f3,Bf3e4][%mdl 32]} c6 6. O-O Bxf3 7. Bxf3 dxe5 8. dxe5 e6 9. c4 Ne7 {LiveBook: 48 Games} 10. Nc3 {Black should prevent Nb5. B05: Alekhine's Defence: 4 Nf3 Bg4} (10. Be2 Qxd1 11. Rxd1 Nd7 12. f4 Nf5 13. Nc3 O-O-O 14. g4 Bc5+ 15. Kg2 Nd4 16. Bd3 h5 17. g5 f6 18. exf6 gxf6 {0-1 (42) Borisek,J (2577)-Rogulj,B (2406) Bled 2018}) 10... Ng6 11. Qe2 Nd7 12. Be4 {White is slightly better.} Ndxe5 13. f4 $1 {[%cal Rf4e5,Bf2f4,Bf4f5][%mdl 32]} Bc5+ 14. Kh1 {[%mdl 1024] White has compensation.} Nd7 15. f5 $36 {[%mdl 2048] White is more active.} Ngf8 16. Bf4 (16. fxe6 $6 Nxe6 17. Bf5 (17. Qh5 Qe7 $17) 17... Qe7 $11) 16... Qe7 17. Qf3 e5 $146 {[#]} (17... exf5 $14 18. Bxf5 Ne6) ({Predecessor:} 17... Nb6 18. Rad1 Nfd7 19. fxe6 Qxe6 {1-0 (49) Melnikov,D (2254)-Yun,V (1766) St Petersburg 2016}) 18. Bxc6 $1 $18 {[%mdl 512]} bxc6 19. Qxc6 Qd8 20. Bxe5 $1 Rc8 21. Qa4 {Hoping for Rae1.} f6 22. Bg3 {Threatens to win with b4.} Kf7 23. Rad1 Qe8 24. b4 Be7 $2 (24... Ne5) 25. Nd5 Ne5 26. Qb3 (26. Qxa7 $6 Nfd7 $18) 26... Nfd7 27. c5 Kf8 28. Nf4 Qf7 {...Qxb3 would now be nice for Black.} 29. Ne6+ Kg8 30. Qa4 Nf8 31. Qa6 Qe8 $2 (31... Re8 {was called for.} 32. Bxe5 fxe5) 32. Qxa7 Nxe6 33. fxe6 Ra8 34. Qb7 Rb8 35. Qe4 Qg6 36. Qd5 h6 37. Bxe5 fxe5 {[#]} 38. Qd7 $1 {[%cal Rd7e7]} (38. Qxe5 Rxb4 39. Qc7 Rb2 $17) 38... Bh4 39. c6 Kh7 40. c7 Rbc8 $2 (40... Rxb4 41. c8=Q Rxc8 42. Qxc8 Rb2) 41. b5 {White is clearly winning.} e4 42. b6 e3 43. b7 e2 {aiming for ...Rhf8.} 44. bxc8=Q Rxc8 45. Qxc8 {Qd7 is the strong threat.} Qd3 46. Qg8+ (46. Rxd3 $2 exf1=R#) 46... Kxg8 47. c8=Q+ (47. Rxd3 $2 {leads to mate.} exf1=R#) 47... Kh7 48. Qc1 {Precision: White = 82%, Black = 46%.} (48. Rxd3 $2 {is a self mate.} exf1=R#) 1-0

[Event "19th Raciborz Open 2019"]
[Site "Raciborz"]
[Date "2019.02.13"]
[Round "7.3"]
[White "Bogdanov, Ignat"]
[Black "Frolov, Artur"]
[Result "1-0"]
[WhiteElo "2051"]
[BlackElo "2447"]
[Annotator "TA"]
[PlyCount "207"]
[EventDate "2019.02.09"]
[EventType "swiss"]
[EventCountry "POL"]
[SourceTitle "playchess.com"]
[Source "ChessBase"]
[SourceQuality "1"]

{[%evp 24,207,45,39,52,50,53,48,70,67,93,93,81,87,89,62,64,73,76,84,155,150,149,147,157,150,164,131,162,131,132,60,87,20,16,13,202,178,190,192,163,162,170,170,170,174,175,164,177,167,246,247,237,236,244,235,237,240,240,222,208,189,188,208,192,191,172,22,22,22,22,22,26,33,33,33,33,8,8,0,0,0,0,0,22,8,8,8,12789,12793,12797,12787,12796,12789,12197,12789,29948,75,75,4237,287,98,75,75,75,75,9987,12788,12039,12793,12784,12742,12106,11591,11704,8,11536,11704,5624,8,4039,0,12841,29938,11815,9187,4602,1085,1050,267,29951,29954,29953,29953,29951,29953,29953,29956,29957,12574,29947,29947,29949,4601,803,78,29959,29963,29963,29963,29963,29964,29963,29965,29962,29966,29966,29967,29962,29967,29971,29973,29972,29974,29974,29975,29975,29973,29977,29978,29979,29976,29975,29977,29979,29979,29980,29981,29981,29982,29980,29982,29992,29993,29997,4627]} 1. d4 Nf6 2. c4 g6 3. Nc3 Bg7 4. e4 d6 5. Nf3 O-O 6. Be2 e5 7. dxe5 dxe5 8. Qxd8 Rxd8 9. Bg5 Nbd7 10. O-O-O Rf8 11. Nd5 c6 12. Ne7+ Kh8 13. Be3 Re8 {E92: King's Indian: Classical: 6 Be2 e5: 7 dxe5, 7 Be3 and Petrosian System without 7...Nbd7} 14. Nxc8 Rexc8 (14... Raxc8 15. g4 Nf8 16. Nd2 Ne6 17. g5 Nd7 18. Bg4 Bf8 19. Nb3 Nb6 20. Bxe6 Rxe6 21. Nc5 Re7 22. b3 h6 {1-0 (35) Jakovenko,D (2724)-Paragua,M (2565) Tromsoe 2013}) 15. g4 Rc7 {White is slightly better.} 16. Nd2 $1 h6 $146 ({Predecessor:} 16... Bf8 17. g5 Ne8 18. Bg4 Bc5 19. Bxd7 Bxe3 20. fxe3 Rxd7 21. Nf3 {½-½ (53) Van Zyl Rudd,J (2041)-Frolov,A (2389) Budapest 2017}) 17. h4 Nh7 18. g5 h5 19. Nb3 Nhf8 20. c5 $36 {[%mdl 2048] White is really pushing.} Ne6 21. Bc4 Bf8 ({Black should play} 21... Re8) 22. Bxe6 $1 $16 fxe6 23. Rd2 b6 {[%cal Rd7c5]} 24. Rhd1 $1 Nxc5 25. Bxc5 Bxc5 26. Nxc5 bxc5 {[%mdl 4096] Endgame KRR-KRR} 27. Rd6 ({Better is} 27. Rd8+ $16 Rxd8 28. Rxd8+ Kg7 29. Rd6) 27... Re8 28. R1d3 ({White should try} 28. a4 $16) 28... Rf7 $1 $11 29. Rxc6 Ree7 $2 (29... Rxf2 $11 30. Rd7 a5) 30. Rc8+ ({Stronger than} 30. Rxc5 Rxf2 31. Rxe5 Kg7 $11) 30... Kg7 31. Rdd8 $1 {[%cal Rd8g8] Rg8+ would kill now.} ({Worse is} 31. Rxc5 Rxf2 32. Rc8 Rf4 $11) 31... Rxf2 32. Rg8+ Kh7 33. Rh8+ {[%mdl 1024] White has strong compensation.} Kg7 34. Rcg8+ Kf7 35. Rd8 {[%cal Rh8h7]} Kg7 36. Rh6 $1 {Threatening mate with Rdh8.} Rf8 (36... Rf1+ $142 37. Kc2 Rf8 38. Rxg6+ {[%mdl 64] Deflection} Kxg6 39. Rxf8 Kg7) 37. Rxf8 $18 Kxf8 38. Rxg6 {KR-KR} Rd7 39. Rxe6 Rd3 40. Rxe5 Rh3 41. Rf5+ ({Don't play} 41. Rxc5 $6 Rxh4 42. Rc7 Rxe4 $16) 41... Ke7 42. Rxc5 Rxh4 43. Rc7+ Ke6 44. Rxa7 Rxe4 45. Rh7 (45. a4 $1 $18) 45... h4 $11 46. b3 Kf5 47. a4 Kxg5 48. a5 Kg6 49. Rh8 Kg7 $1 {[%cal Rg7h8]} 50. Rd8 {aiming for a6.} h3 51. Rd1 Re2 {...h2 is the strong threat.} 52. Rh1 h2 53. a6 Ra2 {[#] Threatens to win with ...Ra1+.} (53... Rg2 $5 54. a7 $8 Ra2 $16) 54. a7 $1 {[%mdl 512]} Kf6 {[#]} (54... Rxa7 55. Kb2) 55. Rxh2 $1 {[%mdl 512]} Rxa7 $2 {[%mdl 8192]} (55... Ra1+ $11 56. Kb2 Rxa7) (55... Rxh2 56. a8=Q) 56. Re2 $1 $18 Rb7 57. Kb2 Rb8 58. Kc3 Rc8+ 59. Kd4 Rd8+ 60. Kc4 $2 (60. Kc5 {mates} Rc8+ 61. Kd6 Rd8+ 62. Kc6 Rb8 63. Rb2 Rb4 64. Kc5 Rh4 65. b4) 60... Rc8+ $16 61. Kd5 Rb8 62. Re3 $2 (62. Rb2 $1 $18) 62... Kf5 63. Kc4 $1 Rc8+ 64. Kd4 Rd8+ $2 {[%mdl 8192]} (64... Rb8 $16) 65. Kc5 $1 $18 Rc8+ 66. Kd6 $1 Rb8 67. Kc7 Rb4 68. Kc6 $1 {[%cal Rc6c5]} Rb8 69. Kd6 $1 Kf4 $2 {[%mdl 8192]} (69... Rb5 $11) 70. Rh3 $1 Kf5 71. Kd5 $2 (71. Kc5 $18 {Hoping for b4.} Rc8+ 72. Kb6) 71... Kf6 $2 {[%mdl 8192]} (71... Kg4 $11 72. Rc3 Kf4) 72. Re3 $2 ({White has to play} 72. Kc5 $18 {Strongly threatening b4.} Rc8+ 73. Kd6) 72... Rd8+ $2 {[%mdl 8192] [#]} (72... Kf5 $11) 73. Kc5 $1 Rc8+ 74. Kd6 Rb8 75. Rf3+ Kg5 76. Ke5 $2 (76. Kc7 Rb5 77. Kc6) 76... Re8+ $2 (76... Kg4 $18 77. Rc3 Kg5) 77. Kd4 Rd8+ 78. Kc3 Rc8+ 79. Kb2 Rb8 80. Rf1 Kg4 81. Rf2 (81. Kc3 $142 Rc8+ 82. Kd4 Rb8 83. Kc4 Rc8+ 84. Kd5 Rd8+ 85. Kc6 Rc8+ 86. Kb7) 81... Kg5 82. Rf3 Kg4 83. Rf7 (83. Rf1 $142 Kg5 84. Rf7 Kg4 85. Rf1 Kh3 86. Rb1 Kg4 87. Rf1) 83... Kg5 {[#]} 84. Kc3 $2 (84. Rf2 $1 $18 {and the rest is easy.} Kg4 85. Rf6) 84... Kg6 $2 {[%mdl 8192]} (84... Rc8+ $16 85. Kb2 Rb8) 85. Rf1 {White mates.} Rc8+ 86. Kd4 Rd8+ 87. Kc5 Rc8+ 88. Kd6 Rd8+ 89. Kc6 Rc8+ 90. Kb7 Rc3 91. Rb1 Kf6 92. b4 {[%cal Bb3b4,Bb4b5,Bb5b6,Bb6b7][%mdl 32]} Ke7 93. b5 Rd3 94. b6 Kd7 95. Rc1 Rd6 96. Ka7 Rd2 97. Kb8 Rb2 98. b7 Rb3 99. Rd1+ Kc6 100. Kc8 Rxb7 101. Rc1+ Kb6 102. Rb1+ Ka7 103. Rxb7+ Ka8 104. Rb1 {Accuracy: White = 61%, Black = 44%.} (104. Rb6 $142 Ka7 105. Kc7 Ka8 106. Ra6#) 1-0

[Event "19th Raciborz Open 2019"]
[Site "Raciborz"]
[Date "2019.02.13"]
[Round "7.4"]
[White "Bogdanov, Egor"]
[Black "Grabarczyk, Miroslaw"]
[Result "1/2-1/2"]
[WhiteElo "2418"]
[BlackElo "2374"]
[Annotator "NA"]
[PlyCount "84"]
[EventDate "2019.02.09"]
[EventType "swiss"]
[EventCountry "POL"]
[SourceTitle "playchess.com"]
[Source "ChessBase"]
[SourceQuality "1"]
[TimeControl "5400+30"]

{[%evp 8,69,-8,0,32767,32767,6,32767,0,32767,32767,0,32767,0,32767,0,9,-4,2,0,0,8,0,-4,0,3,25,26,21,32,37,16,66,68,75,32767,32767,32767,32767,32767,66,32767,32767,32767,32767,86,94,74,75,65,69,56,61,58,61,58,64,56,55,56,54,32767,67,67]} 1. e4 {[%emt 0:01:50]} e5 {[%emt 0:00:00]} 2. Nf3 {[%emt 0:02:16]} Nf6 {[%emt 0:00:16]} 3. Nc3 {[%emt 0:01:11]} Nc6 {[%emt 0:00:37]} 4. d4 {[%emt 0:00:56]} exd4 {[%emt 0:00:40]} 5. Nxd4 {[%emt 0:00:08]} Bb4 {[%emt 0:00:40]} 6. Nxc6 {[%emt 0:03:45]} bxc6 {[%emt 0:00:12]} 7. Bd3 {[%emt 0:00:09]} d5 {[%emt 0:00:42]} 8. exd5 {[%emt 0:00:55]} cxd5 {[%emt 0:00:09]} 9. O-O {[%emt 0:00:47]} O-O {[%emt 0:00:13]} 10. Bg5 {[%emt 0:07:48]} c6 {[%emt 0:00:14]} 11. Qf3 {[%emt 0:00:54]} Bd6 {[%emt 0:03:25]} 12. Rfe1 {[%emt 0:07:42]} Rb8 {[%emt 0:01:58]} 13. Rab1 {[%emt 0:01:14]} h6 {[%emt 0:00:48] C47: Scotch Four Knights and Four Knights with 4 g3} 14. Bxf6 {[%emt 0:04:57]} Qxf6 {[%emt 0:00:16]} 15. Qxf6 {[%emt 0:00:08]} gxf6 {[%emt 0:00:08]} 16. Ne2 {[%emt 0:00:18]} Re8 {[%emt 0:03:41] LiveBook: 3 Games} (16... Be5 17. b3 Be6 18. Ng3 Rfe8 19. Nf5 h5 20. Rbd1 c5 21. Ne3 {½-½ (54) Le Roux,J (2551)-Fressinet,L (2715) Belfort 2012}) 17. Nd4 {[%emt 0:02:48]} Rxe1+ {[%emt 0:06:07]} 18. Rxe1 {[%emt 0:00:07]} Bd7 {[%emt 0:00:05]} 19. Bf5 {[%emt 0:01:07]} Be5 $146 {[%emt 0:05:54]} (19... Rb4 $11) ({Predecessor:} 19... Be8 20. c3 Kf8 {1-0 (41) Ligart,T (2175)-Fekete,J (2109) Hungary 2001}) 20. Bxd7 {[%emt 0:01:12]} Bxd4 {[%emt 0:00:06]} 21. b3 {[%emt 0:06:11]} c5 {[%emt 0:00:14]} 22. Re8+ {[%emt 0:06:36]} Rxe8 {[%emt 0:00:08]} 23. Bxe8 {[%emt 0:00:03]} Bc3 {[%emt 0:06:33]} 24. Bc6 {[%emt 0:01:04]} d4 {[%emt 0:00:12]} 25. Kf1 {[%emt 0:00:03]} d3 {[%emt 0:02:18]} 26. cxd3 {[%emt 0:00:17]} Kf8 {[%emt 0:00:51]} 27. Ke2 {[%emt 0:00:13]} Ke7 {[%emt 0:00:14]} 28. Bd5 {[%emt 0:00:04]} f5 {[%emt 0:00:52]} 29. f4 {[%emt 0:01:01]} Kf6 {[%emt 0:07:20]} 30. Bb7 {[%emt 0:00:22]} Bd4 {[%emt 0:01:42]} 31. Kf3 {[%emt 0:00:25]} Kg6 {[%emt 0:01:11]} 32. Bc8 {[%emt 0:00:09]} h5 {[%emt 0:00:56]} 33. g3 {[%emt 0:02:09]} a5 {[%emt 0:03:32]} 34. h3 {[%emt 0:05:19]} Kf6 {[%emt 0:03:32]} 35. a3 $14 {[%emt 0:02:30]} Bb2 {[%emt 0:01:52]} 36. a4 {[%emt 0:00:05]} Bd4 {[%emt 0:00:09]} 37. g4 {[%emt 0:00:26]} hxg4+ {[%emt 0:00:39]} 38. hxg4 {[%emt 0:00:03]} fxg4+ {[%emt 0:00:09]} 39. Bxg4 {[%emt 0:00:03]} Ke7 {[%emt 0:00:08]} 40. Ke4 {[%emt 0:00:01]} Kd6 {[%emt 0:00:18]} 41. Bh5 {[%emt 0:02:05]} f6 {[%emt 0:00:26]} 42. Bf7 {[%emt 0:00:56]} Bc3 {[%emt 0:00:27]} 1/2-1/2

[Event "19th Raciborz Open 2019"]
[Site "Raciborz"]
[Date "2019.02.13"]
[Round "7.5"]
[White "Nester, Ihor"]
[Black "Drozniak, Stanislaw"]
[Result "1/2-1/2"]
[WhiteElo "2369"]
[BlackElo "2048"]
[Annotator "ChessBase"]
[PlyCount "66"]
[EventDate "2019.02.09"]
[EventType "swiss"]
[EventCountry "POL"]
[SourceTitle "playchess.com"]
[Source "ChessBase"]
[SourceQuality "1"]
[TimeControl "5400+30"]

1. Nf3 {[%emt 0:03:32]} Nf6 {[%emt 0:00:00]} 2. c4 {[%emt 0:00:05]} c5 {[%emt 0:00:01]} 3. Nc3 {[%emt 0:00:12]} d5 {[%emt 0:01:01]} 4. cxd5 {[%emt 0:02:14]} Nxd5 {[%emt 0:00:05]} 5. d4 {[%emt 0:00:09]} Nxc3 {[%emt 0:00:32]} 6. bxc3 {[%emt 0:00:02]} g6 {[%emt 0:00:07]} 7. Bf4 {[%emt 0:01:09]} Bg7 {[%emt 0:01:45]} 8. e3 {[%emt 0:00:11]} O-O {[%emt 0:00:09]} 9. Be2 {[%emt 0:01:18]} Qa5 {[%emt 0:07:02]} 10. O-O {[%emt 0:14:29]} Nd7 {[%emt 0:15:17]} 11. Qb3 {[%emt 0:03:42]} cxd4 {[%emt 0:05:25]} 12. cxd4 {[%emt 0:00:01]} Nb6 {[%emt 0:10:58]} 13. a4 {[%emt 0:23:33]} Be6 {[%emt 0:07:44]} 14. Qb5 {[%emt 0:09:40]} Qxb5 {[%emt 0:00:47]} 15. axb5 {[%emt 0:00:10]} Bc4 {[%emt 0:05:05]} 16. Bxc4 {[%emt 0:00:39]} Nxc4 {[%emt 0:00:07]} 17. e4 {[%emt 0:14:33]} Rfd8 {[%emt 0:05:11]} 18. Rfc1 {[%emt 0:04:18]} Nd6 {[%emt 0:06:09]} 19. Bxd6 {[%emt 0:01:11]} Rxd6 {[%emt 0:00:11]} 20. e5 {[%emt 0:02:35]} Rb6 {[%emt 0:00:36]} 21. Ra5 {[%emt 0:09:39]} f6 {[%emt 0:08:18]} 22. Kf1 {[%emt 0:01:04]} Kf7 {[%emt 0:01:50]} 23. Rc7 {[%emt 0:02:27]} fxe5 {[%emt 0:07:19]} 24. dxe5 {[%emt 0:00:57]} a6 {[%emt 0:04:31]} 25. bxa6 {[%emt 0:02:29]} Rbxa6 {[%emt 0:01:09]} 26. Rd5 {[%emt 0:01:43]} Ra1+ {[%emt 0:02:34]} 27. Ke2 {[%emt 0:00:01]} R8a2+ {[%emt 0:01:24]} 28. Rd2 {[%emt 0:00:47]} Rxd2+ {[%emt 0:00:14]} 29. Kxd2 {[%emt 0:00:01]} Ra2+ {[%emt 0:00:15]} 30. Ke1 {[%emt 0:00:41]} Ra1+ {[%emt 0:00:19]} 31. Ke2 {[%emt 0:00:01]} Ra2+ {[%emt 0:00:12]} 32. Ke1 {[%emt 0:00:58]} Ra1+ {[%emt 0:00:05]} 33. Ke2 {[%emt 0:00:05]} Ra2+ {[%emt 0:00:04]} 1/2-1/2

[Event "19th Raciborz Open 2019"]
[Site "Raciborz"]
[Date "2019.02.13"]
[Round "7.6"]
[White "Koloczek, Maciej"]
[Black "Niedbala, Bartlomiej"]
[Result "1/2-1/2"]
[WhiteElo "1922"]
[BlackElo "1949"]
[Annotator "NA"]
[PlyCount "66"]
[EventDate "2019.02.09"]
[EventType "swiss"]
[EventCountry "POL"]
[SourceTitle "playchess.com"]
[Source "ChessBase"]
[SourceQuality "1"]
[TimeControl "5400+30"]

1. e4 {[%emt 0:00:00]} d6 {[%emt 0:00:00]} 2. d4 {[%emt 0:00:11]} Nf6 {[%emt 0:00:00]} 3. Nc3 {[%emt 0:00:37]} g6 {[%emt 0:00:09]} 4. f4 {[%emt 0:01:54]} Bg7 {[%emt 0:01:58]} 5. Nf3 {[%emt 0:00:38]} O-O {[%emt 0:03:09]} 6. Bd3 {[%emt 0:04:43]} Na6 {[%emt 0:05:14]} 7. O-O {[%emt 0:00:07]} c5 {[%emt 0:00:03]} 8. d5 {[%emt 0:00:36]} Bg4 {[%emt 0:01:32]} 9. h3 {[%emt 0:08:41]} Bxf3 {[%emt 0:04:27]} 10. Qxf3 {[%emt 0:00:14]} Nb4 {[%emt 0:12:30] B09: Pirc Defence: Austrian Attack} 11. a3 {[%emt 0:15:46]} (11. a4 Nd7 12. Qe2 Nxd3 13. Qxd3 Qb6 14. Kh1 Rac8 15. a5 Qa6 16. Qxa6 bxa6 17. Bd2 Rb8 18. b3 {0-1 (52) Sethuraman,S (2640)-Malakhov,V (2694) Berlin 2015}) 11... Nxd3 {[%emt 0:02:57]} 12. Qxd3 {[%emt 0:00:17]} Nd7 {[%emt 0:00:39]} 13. Ne2 {[%emt 0:07:48]} b5 {[%emt 0:06:00]} 14. Qxb5 $146 {[%emt 0:05:01]} ({Predecessor:} 14. Rb1 Rb8 15. b3 Qa5 16. c4 bxc4 17. Qxc4 Rb7 18. a4 {0-1 (42) Nassr,A (2064)-Arat,U (2159) Algiers 2012}) 14... Rb8 {[%emt 0:05:06]} 15. Qd3 {[%emt 0:02:29]} Bxb2 {[%emt 0:00:31]} 16. Rb1 {[%emt 0:00:40]} Bxc1 {[%emt 0:17:47]} 17. Rfxc1 {[%emt 0:00:29]} Qa5 {[%emt 0:00:16]} 18. c4 {[%emt 0:07:05]} (18. Kf2 $11) 18... Qa4 {[%emt 0:06:19]} 19. Kf2 {[%emt 0:13:47]} Rxb1 {[%emt 0:06:30]} 20. Rxb1 {[%emt 0:00:14]} Nb6 {[%emt 0:00:02]} 21. Qb3 {[%emt 0:05:37]} Qxc4 {[%emt 0:02:41]} 22. Qxc4 {[%emt 0:00:05]} Nxc4 {[%emt 0:00:01]} 23. Rb7 {[%emt 0:00:02]} a5 {[%emt 0:09:08]} 24. Rxe7 $11 {[%emt 0:00:48]} Nxa3 {[%emt 0:00:12]} 25. e5 {[%emt 0:00:45]} Nc4 {[%emt 0:01:43]} 26. exd6 {[%emt 0:01:12]} Nxd6 {[%emt 0:01:31]} 27. Ra7 {[%emt 0:01:35]} Ne4+ {[%emt 0:00:32]} 28. Kf3 {[%emt 0:00:55]} f5 {[%emt 0:00:09]} 29. g4 {[%emt 0:04:29]} Rd8 {[%emt 0:00:30]} 30. gxf5 {[%emt 0:00:07]} gxf5 {[%emt 0:01:30]} 31. Ng3 {[%emt 0:00:25]} Nxg3 {[%emt 0:02:59]} 32. Kxg3 {[%emt 0:00:02]} Rxd5 {[%emt 0:00:27]} 33. Rxa5 {[%emt 0:00:10]} Kg7 {[%emt 0:03:37]} 1/2-1/2